Nové trendy v marketingu diplomová práca

Salvato in:
Dettagli Bibliografici
Autore principale: Paľko, Lukáš
Ente Autore: Obchodná fakulta EU. Katedra marketingu
Altri autori: Balhar, Vítězslav, Jr
Natura: Libro
Lingua:slovacco
Pubblicazione: Bratislava 2010
Tags: Aggiungi Tag
Nessun Tag, puoi essere il primo ad aggiungerne!!

MARC

LEADER 00000nam$a2200000$$$4500
001 0121833
005 20240318122923.5
041 0 |a slo 
044 |a SK 
245 1 0 |a Nové trendy v marketingu  |b diplomová práca  |c Lukáš Paľko ; škol. Vítězslav Balhar 
264 1 |a Bratislava  |c 2010 
300 |a 65 s. 
100 1 |a Paľko, Lukáš 
700 1 |a Balhar, Vítězslav, Jr. 
710 2 |a Obchodná fakulta EU. Katedra marketingu